The Knowledge Management - the Modern Trends in Organizational Development

Salvato in:
Dettagli Bibliografici
Autore principale: Antošová, Mária, 1965-
Altri autori: Csikósová, Adriana
Natura: Capitolo di libro
Lingua:inglese
Tags: Aggiungi Tag
Nessun Tag, puoi essere il primo ad aggiungerne!!

MARC

LEADER 00000naa a2200000 4500
001 0308004
005 20250407105821.8
041 0 |a eng 
044 |a US 
245 1 0 |a The Knowledge Management - the Modern Trends in Organizational Development  |c Mária Antošová, Adriana Csikósová 
100 1 |a Antošová, Mária, 1965- 
700 1 |a Csikósová, Adriana